36 kế trong kinh doanh hiện đại = The 36 ancient Chinese strategies for modern business
Nội dung sách giúp bạn khám phá những chiến lược và chiến thuật phi truyền thống và điều chỉnh chúng cho phù hợp để thành công trong kinh doanh hiện đại. Triển khai những chiến lược cụ thể để giải phóng tư duy và giành được ưu thế cạnh...
Na minha lista:
| Autor principal: | |
|---|---|
| Formato: | Livro |
| Idioma: | Undetermined |
| Publicado em: |
Thành phố Hồ Chí Minh
Trẻ
2018
|
| Assuntos: | |
| Tags: |
Adicionar Tag
Sem tags, seja o primeiro a adicionar uma tag!
|
| Thư viện lưu trữ: | Trung tâm Học liệu Trường Đại học Cần Thơ |
|---|
| LEADER | 01325nam a2200217Ia 4500 | ||
|---|---|---|---|
| 001 | CTU_233386 | ||
| 008 | 210402s9999 xx 000 0 und d | ||
| 020 | |c 95000 | ||
| 082 | |a 650.1 | ||
| 082 | |b B486 | ||
| 100 | |a Bercu, Lan | ||
| 245 | 0 | |a 36 kế trong kinh doanh hiện đại = | |
| 245 | 4 | |b The 36 ancient Chinese strategies for modern business | |
| 245 | 0 | |c Lan Bercu ; Nguyễn Minh Phương (dịch) | |
| 260 | |a Thành phố Hồ Chí Minh | ||
| 260 | |b Trẻ | ||
| 260 | |c 2018 | ||
| 520 | |a Nội dung sách giúp bạn khám phá những chiến lược và chiến thuật phi truyền thống và điều chỉnh chúng cho phù hợp để thành công trong kinh doanh hiện đại. Triển khai những chiến lược cụ thể để giải phóng tư duy và giành được ưu thế cạnh tranh. Mở rộng tư duy hiện tại của bạn để tìm kiếm những giải pháp mới cho những tình huống tấn công nhanh chóng và phức tạp. Mở khóa tư duy châu Á để khám phá trí tuệ phương Đông. | ||
| 650 | |a Thành công trong kinh doanh,Success in business | ||
| 910 | |b dqhieu | ||
| 980 | |a Trung tâm Học liệu Trường Đại học Cần Thơ | ||